[Event "Istanbul Redbull Masters"]
[Site "Istanbul"]
[Date "2019.11.24"]
[Round "5.2"]
[White "Eren, Ataberk"]
[Black "Cingoz, Ozan"]
[Result "1-0"]
[WhiteElo "2284"]
[BlackElo "2031"]
[PlyCount "120"]
[EventDate "2019.11.23"]
[EventType "k.o."]
[EventRounds "8"]
[EventCountry "TUR"]
[SourceTitle "CBM 193 Extra"]
[Source "ChessBase"]
[SourceDate "2020.01.31"]
[SourceVersion "1"]
[SourceVersionDate "2020.01.31"]
[SourceQuality "1"]

1. d4 c5 2. d5 e6 3. e4 d6 4. Nc3 Nf6 5. Nf3 exd5 6. exd5 Be7 7. Be2 0-0 8. 0-0 Bg4 9. a4 Bxf3 10. Bxf3 Re8 11. Re1 a6 12. Bf4 Nbd7 13. Qd2 Qc7 14. Re2 Bf8 15. Rae1 Rxe2 16. Rxe2 Re8 17. Rxe8 Nxe8 18. Qe2 Nef6 19. g4 Qd8 20. g5 Ne8 21. h4 g6 22. Ne4 Qe7 23. b3 f5 24. gxf6 Ndxf6 25. Bg5 Kg7 26. Qe3 Qe5 27. Nd2 Qxe3 28. fxe3 Nd7 29. Nc4 b5 30. axb5 axb5 31. Na3 Ne5 32. Be2 b4 33. Nb5 Kf7 34. h5 Be7 35. Bf4 Bf6 36. hxg6+ hxg6 37. Kg2 Ke7 38. Kh3 Kd7 39. Bg4+ Ke7 40. Na7 Nxg4 41. Kxg4 Kd7 42. Bg5 Be5 43. Nc6 Nc7 44. Nxe5+ dxe5 45. e4 Nb5 46. Bf6 Kd6 47. Bg7 Nd4 48. Bf8+ Kd7 49. Bxc5 Nxc2 50. Kg5 Nd4 51. Bxb4 Nxb3 52. Kxg6 Nd4 53. Kf6 Ne2 54. Kxe5 Ng3 55. Be1 Nh5 56. Bh4 Ng7 57. Kd4 Ne8 58. Bg3 Ke7 59. e5 Kd7 60. e6+ Ke7 1-0

[Event "EU-ch U18 25th"]
[Site "Porec"]
[Date "2015.09.29"]
[Round "8"]
[White "Belous, Mikhail"]
[Black "Cingoz, Ozan"]
[Result "1-0"]
[WhiteElo "2159"]
[BlackElo "1988"]
[PlyCount "55"]
[EventDate "2015.09.21"]
[EventType "swiss"]
[EventRounds "9"]
[EventCountry "CRO"]
[SourceTitle "EXT 2016"]
[Source "ChessBase"]
[SourceDate "2015.10.08"]
[SourceVersion "1"]
[SourceVersionDate "2015.10.08"]
[SourceQuality "1"]

1. d4 Nf6 2. c4 g6 3. Nc3 Bg7 4. e4 d6 5. f3 0-0 6. Be3 c5 7. d5 e6 8. Qd2 exd5 9. cxd5 Na6 10. Nge2 Nc7 11. a4 a6 12. Ng3 Rb8 13. a5 Re8 14. Be2 b5 15. axb6 Rxb6 16. 0-0 Rb8 17. Kh1 h5 18. Bg5 Qd7 19. f4 Nh7 20. f5 Rxb2 21. Qxb2 Nxg5 22. f6 Bh6 23. h4 Nh3 24. Bxh5 Re5 25. Bxg6 Qg4 26. gxh3 Qxg6 27. Nf5 Kh7 28. Rg1 1-0

[Event "TUR-chT"]
[Site "Kocaeli"]
[Date "2014.08.26"]
[Round "10.2"]
[White "Apaydin, Fethi"]
[Black "Cingoz, Ozan"]
[Result "1-0"]
[WhiteElo "2294"]
[BlackElo "1930"]
[PlyCount "61"]
[EventDate "2014.08.18"]
[EventType "team-tourn"]
[EventRounds "13"]
[EventCountry "TUR"]
[SourceTitle "CBM 162 Extra"]
[Source "ChessBase"]
[SourceDate "2014.10.17"]
[SourceVersion "1"]
[SourceVersionDate "2014.10.17"]
[SourceQuality "1"]
[WhiteTeam "Besiktas Jimnastik"]
[BlackTeam "Aliaga Genclik"]
[WhiteTeamCountry "TUR"]
[BlackTeamCountry "TUR"]

1. e4 c5 2. Nc3 Nc6 3. g3 g6 4. Bg2 Bg7 5. d3 e6 6. Be3 b6 7. f4 Nge7 8. Nf3 d5 9. Bf2 Bb7 10. 0-0 a6 11. exd5 exd5 12. d4 c4 13. Ne5 0-0 14. Qf3 Na5 15. Rad1 Qd6 16. Rfe1 Rad8 17. Qe2 Rfe8 18. Qd2 f6 19. Ng4 Nf5 20. Ne3 Nxe3 21. Rxe3 Rxe3 22. Qxe3 f5 23. Re1 Kf7 24. Qf3 b5 25. a3 Bc6 26. g4 Nb7 27. gxf5 gxf5 28. Kh1 a5 29. Bh4 Rd7 30. Qe2 Rc7 31. Nxd5 1-0

[Event "TUR-chT"]
[Site "Kocaeli"]
[Date "2014.08.26"]
[Round "9.7"]
[White "Yuksel, Atilla Koksal"]
[Black "Cingoz, Ozan"]
[Result "1-0"]
[WhiteElo "2107"]
[BlackElo "1930"]
[PlyCount "81"]
[EventDate "2014.08.18"]
[EventType "team-tourn"]
[EventRounds "13"]
[EventCountry "TUR"]
[SourceTitle "CBM 162 Extra"]
[Source "ChessBase"]
[SourceDate "2014.10.17"]
[SourceVersion "1"]
[SourceVersionDate "2014.10.17"]
[SourceQuality "1"]
[WhiteTeam "Ankara Demirspor"]
[BlackTeam "Aliaga Genclik"]
[WhiteTeamCountry "TUR"]
[BlackTeamCountry "TUR"]

1. e4 c5 2. Nf3 d6 3. d4 cxd4 4. Nxd4 Nf6 5. Nc3 g6 6. Be3 Bg7 7. f3 0-0 8. Qd2 Nc6 9. Bc4 Bd7 10. 0-0-0 Rc8 11. Bb3 Ne5 12. Kb1 Nc4 13. Bxc4 Rxc4 14. g4 h5 15. gxh5 Nxh5 16. Rhg1 e6 17. Nde2 Qa5 18. Qxd6 Bc6 19. Rxg6 fxg6 20. Qxe6+ Kh7 21. Qxc4 Rxf3 22. Bd4 Qc7 23. Bxg7 Nxg7 24. Nd4 Rh3 25. Rf1 Qxh2 26. Nxc6 bxc6 27. Qxc6 Qg2 28. Rd1 Rh1 29. Qd7 Rxd1+ 30. Qxd1 g5 31. Kc1 Kg6 32. Qe2 Qg1+ 33. Kd2 Qb6 34. Qb5 Qf2+ 35. Ne2 g4 36. Qd7 Qg2 37. Qd6+ Kg5 38. Qf4+ Kg6 39. c4 Nh5 40. Qf5+ Kh6 41. c5 1-0

[Event "TUR-chT"]
[Site "Kocaeli"]
[Date "2014.08.21"]
[Round "4.6"]
[White "Koksal, Ege"]
[Black "Cingoz, Ozan"]
[Result "1-0"]
[WhiteElo "2219"]
[BlackElo "1930"]
[PlyCount "57"]
[EventDate "2014.08.18"]
[EventType "team-tourn"]
[EventRounds "13"]
[EventCountry "TUR"]
[SourceTitle "CBM 162 Extra"]
[Source "ChessBase"]
[SourceDate "2014.10.17"]
[SourceVersion "1"]
[SourceVersionDate "2014.10.17"]
[SourceQuality "1"]
[WhiteTeam "Akdeniz Belediyesi"]
[BlackTeam "Aliaga Genclik"]
[WhiteTeamCountry "TUR"]
[BlackTeamCountry "TUR"]

1. d4 e6 2. Nf3 Nf6 3. c4 d5 4. Nc3 Nbd7 5. Bg5 c6 6. e3 Qa5 7. Bxf6 Nxf6 8. Nd2 Bb4 9. Qc2 e5 10. Nb3 Qc7 11. a3 exd4 12. axb4 dxc3 13. bxc3 0-0 14. c5 a6 15. Bd3 Re8 16. Nd4 g6 17. 0-0 Re5 18. Rae1 Rh5 19. f4 Bd7 20. e4 dxe4 21. Bxe4 b6 22. cxb6 Qxb6 23. Bf3 Bg4 24. Bxg4 Nxg4 25. h3 Nh6 26. Qf2 Rd5 27. g4 a5 28. bxa5 Qxa5 29. Nxc6 1-0

[Event "TUR-chT"]
[Site "Kocaeli"]
[Date "2014.08.18"]
[Round "1.2"]
[White "Cingoz, Ozan"]
[Black "Firat, Burak"]
[Result "1/2-1/2"]
[WhiteElo "1930"]
[BlackElo "2456"]
[PlyCount "124"]
[EventDate "2014.08.18"]
[EventType "team-tourn"]
[EventRounds "13"]
[EventCountry "TUR"]
[SourceTitle "CBM 162 Extra"]
[Source "ChessBase"]
[SourceDate "2014.10.17"]
[SourceVersion "1"]
[SourceVersionDate "2014.10.17"]
[SourceQuality "1"]
[WhiteTeam "Aliaga Genclik"]
[BlackTeam "Denizsu Aquamatch"]
[WhiteTeamCountry "TUR"]
[BlackTeamCountry "TUR"]

1. e4 c5 2. Nf3 e6 3. b3 a6 4. a4 Nc6 5. e5 f6 6. Bb2 fxe5 7. Nxe5 Nxe5 8. Bxe5 Nf6 9. Be2 Be7 10. Bh5+ g6 11. Be2 d6 12. Bb2 e5 13. 0-0 0-0 14. f4 exf4 15. d4 d5 16. Nd2 Qc7 17. c4 Be6 18. Nf3 Ng4 19. Qd2 Ne3 20. Rfe1 dxc4 21. d5 Bf5 22. Bxc4 Nxc4 23. bxc4 Bf6 24. Be5 Qg7 25. Qxf4 Rae8 26. Rac1 Bxe5 27. Rxe5 Bd7 28. Rxe8 Bxe8 29. Qe3 Bxa4 30. Qxc5 Bd7 31. Re1 Qc3 32. Re7 Bg4 33. d6 Bxf3 34. gxf3 Rxf3 35. Qc8+ Rf8 36. Qe6+ Kh8 37. Qe5+ Qxe5 38. Rxe5 Kg7 39. Re7+ Kf6 40. Rxb7 Ra8 41. c5 a5 42. c6 Ke6 43. c7 Rc8 44. Ra7 Kxd6 45. Rxa5 Rxc7 46. Ra8 Ke5 47. Rf8 Rc6 48. Kg2 Rf6 49. Ra8 Kf4 50. Ra4+ Kg5 51. Ra5+ Rf5 52. Ra7 h5 53. Ra4 Rf4 54. Ra5+ Kh4 55. h3 Rb4 56. Ra2 g5 57. Rc2 Ra4 58. Rb2 Ra3 59. Rb4+ g4 60. hxg4 Ra2+ 61. Kf3 Ra3+ 62. Kg2 Ra2+ 1/2-1/2

[Event "Wch U20 52nd"]
[Site "Kocaeli"]
[Date "2013.09.26"]
[Round "13"]
[White "Zor, Alber Kadir"]
[Black "Cingoz, Ozan"]
[Result "1-0"]
[WhiteElo "1948"]
[BlackElo "1918"]
[PlyCount "65"]
[EventDate "2013.09.13"]
[EventType "swiss"]
[EventRounds "13"]
[EventCountry "TUR"]
[SourceTitle "CBM 156 Extra"]
[Source "ChessBase"]
[SourceDate "2013.10.22"]
[SourceVersion "1"]
[SourceVersionDate "2013.10.22"]
[SourceQuality "1"]

1. f4 g6 2. Nf3 Bg7 3. g3 Nf6 4. Bg2 0-0 5. 0-0 d6 6. d3 c5 7. c3 Nc6 8. h3 Bd7 9. e4 b5 10. Be3 a5 11. e5 Nd5 12. Bf2 Qc7 13. d4 e6 14. exd6 Qxd6 15. dxc5 Qc7 16. Nbd2 b4 17. c4 Nf6 18. Qe2 Rfd8 19. Rad1 Rac8 20. Rfe1 Bf8 21. Ng5 Nb8 22. Nde4 Nxe4 23. Nxe4 Na6 24. Nf6+ Kh8 25. Nxd7 Rxd7 26. c6 Rxd1 27. Rxd1 Nb8 28. Qd3 Nxc6 29. Qd7 Kg8 30. Qxc7 Rxc7 31. b3 Kg7 32. Bb6 Rb7 33. c5 1-0

[Event "Wch U20 52nd"]
[Site "Kocaeli"]
[Date "2013.09.21"]
[Round "8"]
[White "Meftahi, Houssem"]
[Black "Cingoz, Ozan"]
[Result "1-0"]
[WhiteElo "2076"]
[BlackElo "1918"]
[PlyCount "69"]
[EventDate "2013.09.13"]
[EventType "swiss"]
[EventRounds "13"]
[EventCountry "TUR"]
[SourceTitle "CBM 156 Extra"]
[Source "ChessBase"]
[SourceDate "2013.10.22"]
[SourceVersion "1"]
[SourceVersionDate "2013.10.22"]
[SourceQuality "1"]

1. e4 c5 2. Nf3 d6 3. d4 cxd4 4. Nxd4 Nf6 5. Nc3 g6 6. Bc4 Bg7 7. Be3 0-0 8. f3 Nc6 9. Qd2 Bd7 10. 0-0-0 Rc8 11. Bb3 Nxd4 12. Bxd4 b5 13. h4 a5 14. h5 e5 15. Be3 a4 16. Bd5 b4 17. Ne2 Qc7 18. hxg6 hxg6 19. Bh6 Bxh6 20. Rxh6 Nxd5 21. exd5 Bf5 22. c3 bxc3 23. Nxc3 a3 24. g4 Rb8 25. gxf5 Rxb2 26. Qe3 Rc8 27. Rd3 Qb7 28. Kd1 Rb1+ 29. Nxb1 Qxb1+ 30. Ke2 Rc1 31. Kf2 Qxa2+ 32. Rd2 Rc2 33. Rxc2 Qxc2+ 34. Kg3 Qb1 35. f6 1-0

[Event "Wch U20 52nd"]
[Site "Kocaeli"]
[Date "2013.09.17"]
[Round "5"]
[White "Cingoz, Ozan"]
[Black "Saiyn, Zhanat"]
[Result "1/2-1/2"]
[WhiteElo "1918"]
[BlackElo "2337"]
[PlyCount "58"]
[EventDate "2013.09.13"]
[EventType "swiss"]
[EventRounds "13"]
[EventCountry "TUR"]
[SourceTitle "CBM 156 Extra"]
[Source "ChessBase"]
[SourceDate "2013.10.22"]
[SourceVersion "1"]
[SourceVersionDate "2013.10.22"]
[SourceQuality "1"]

1. e4 c5 2. Nf3 e6 3. d4 cxd4 4. Nxd4 Nc6 5. g3 Nf6 6. Bg2 a6 7. 0-0 Qc7 8. Nc3 d6 9. a4 Bd7 10. Kh1 Be7 11. f4 0-0 12. Nb3 b6 13. Qe2 Bc8 14. Be3 Bb7 15. Rae1 Nd7 16. g4 h6 17. Rf3 Rfe8 18. Rh3 Bf8 19. g5 g6 20. gxh6 Kh7 21. Nd2 Be7 22. Nf3 Rf8 23. Bf2 Rae8 24. Bh4 f6 25. Bf2 Nc5 26. Qc4 Na5 27. Qa2 Nc6 28. Qc4 Na5 29. Qa2 Nc6 1/2-1/2

[Event "Wch U20 52nd"]
[Site "Kocaeli"]
[Date "2013.09.14"]
[Round "2"]
[White "Carneiro, Vitor Roberto Castr"]
[Black "Cingoz, Ozan"]
[Result "1-0"]
[WhiteElo "2263"]
[BlackElo "1918"]
[PlyCount "85"]
[EventDate "2013.09.13"]
[EventType "swiss"]
[EventRounds "13"]
[EventCountry "TUR"]
[SourceTitle "CBM 156 Extra"]
[Source "ChessBase"]
[SourceDate "2013.10.22"]
[SourceVersion "1"]
[SourceVersionDate "2013.10.22"]
[SourceQuality "1"]

1. c4 g6 2. g3 Bg7 3. Bg2 d6 4. Nc3 e5 5. e4 Ne7 6. Nge2 0-0 7. d3 f5 8. Be3 h6 9. Qd2 Kh7 10. f4 Nbc6 11. 0-0 Be6 12. Nd5 Qd7 13. Rf2 Rae8 14. Raf1 b6 15. d4 fxe4 16. Nxe7 Nxe7 17. d5 Bh3 18. fxe5 Rxf2 19. Rxf2 dxe5 20. Nc3 Bxg2 21. Kxg2 Nf5 22. Nxe4 Nd6 23. Qd3 Qg4 24. Nxd6 cxd6 25. h3 Qd7 26. Qe4 Rf8 27. Rc2 Qf7 28. Bf2 Qf5 29. Qxf5 gxf5 30. a4 f4 31. gxf4 Rxf4 32. b4 Bf8 33. a5 bxa5 34. b5 Rf7 35. Ra2 Rc7 36. Rxa5 Rxc4 37. Rxa7+ Kg6 38. b6 Rb4 39. Rc7 e4 40. b7 Rb2 41. Kf1 Rb1+ 42. Ke2 Rb2+ 43. Kd1 1-0

[Event "Izmir op 12th"]
[Site "Izmir"]
[Date "2013.09.03"]
[Round "3"]
[White "Cingoz, Ozan"]
[Black "Zysk, Robert"]
[Result "0-1"]
[WhiteElo "1918"]
[BlackElo "2423"]
[PlyCount "68"]
[EventDate "2013.09.01"]
[EventType "swiss"]
[EventRounds "9"]
[EventCountry "TUR"]
[SourceTitle "CBM 156 Extra"]
[Source "ChessBase"]
[SourceDate "2013.10.22"]
[SourceVersion "1"]
[SourceVersionDate "2013.10.22"]
[SourceQuality "1"]

1. d4 Nf6 2. Nf3 e6 3. Bf4 b6 4. e3 Bb7 5. Nbd2 Be7 6. Bd3 d6 7. Qe2 a6 8. c3 Nbd7 9. 0-0-0 b5 10. e4 c5 11. Bg3 Nh5 12. e5 d5 13. dxc5 Nxc5 14. Bc2 g6 15. Kb1 Qb6 16. h4 a5 17. Bh2 b4 18. c4 a4 19. g4 b3 20. gxh5 bxc2+ 21. Kxc2 dxc4 22. Nxc4 Qb4 23. Rd4 0-0 24. Rhd1 Nb3 25. axb3 Qxb3+ 26. Kb1 Bxf3 27. Qd3 Bxd1 28. Qxd1 Qxd1+ 29. Rxd1 Rfd8 30. Nd6 Bxh4 31. hxg6 fxg6 32. Rc1 Rd7 33. f4 Be7 34. Nc4 Rc7 0-1

[Event "Kesan op 11th"]
[Site "Edirne"]
[Date "2013.08.31"]
[Round "9"]
[White "Cingoz, Ozan"]
[Black "Dogan, Halit"]
[Result "1-0"]
[WhiteElo "1903"]
[BlackElo "1525"]
[PlyCount "73"]
[EventDate "2013.08.26"]
[EventType "swiss"]
[EventRounds "9"]
[EventCountry "TUR"]
[SourceTitle "CBM 156 Extra"]
[Source "ChessBase"]
[SourceDate "2013.10.22"]
[SourceVersion "1"]
[SourceVersionDate "2013.10.22"]
[SourceQuality "1"]

1. d4 d5 2. Bf4 Nf6 3. e3 c6 4. c4 Bf5 5. Qb3 Qb6 6. c5 Qa5+ 7. Nc3 b6 8. Nf3 e6 9. Nh4 Nbd7 10. Nxf5 exf5 11. cxb6 axb6 12. Bd3 g6 13. 0-0 Nh5 14. Bg5 Bg7 15. Be2 Nhf6 16. Rfc1 0-0 17. Rc2 b5 18. Bf4 Rfc8 19. Nd1 Ne4 20. Bf1 Ndf6 21. Qd3 Nh5 22. Be5 f6 23. Bg3 Nhxg3 24. hxg3 Bf8 25. Rac1 Qb6 26. Qb3 Nd6 27. a3 Ra4 28. Nc3 Raa8 29. Na2 Nc4 30. Bxc4 dxc4 31. Rxc4 Kg7 32. R4c2 Ra7 33. Nc3 b4 34. axb4 Bxb4 35. Nd5 Qb5 36. Nxb4 Rb7 37. Qe6 1-0

[Event "Kesan op 11th"]
[Site "Edirne"]
[Date "2013.08.29"]
[Round "5"]
[White "Cingoz, Ozan"]
[Black "Eminov, Orkhan"]
[Result "0-1"]
[WhiteElo "1903"]
[BlackElo "2260"]
[PlyCount "92"]
[EventDate "2013.08.26"]
[EventType "swiss"]
[EventRounds "9"]
[EventCountry "TUR"]
[SourceTitle "CBM 156 Extra"]
[Source "ChessBase"]
[SourceDate "2013.10.22"]
[SourceVersion "1"]
[SourceVersionDate "2013.10.22"]
[SourceQuality "1"]

1. d4 Nf6 2. Nf3 c5 3. c3 b6 4. Bg5 Bb7 5. e3 g6 6. Nbd2 Bg7 7. Bd3 0-0 8. 0-0 d5 9. Bh4 Nbd7 10. Ne5 Nxe5 11. dxe5 Nd7 12. f4 f5 13. g4 d4 14. Bc4+ Kh8 15. Nf3 Qc7 16. Bxe7 Nxe5 17. Bxf8 Nxf3+ 18. Rxf3 Rxf8 19. gxf5 Rxf5 20. Bd3 Bxf3 21. Qxf3 Rf8 22. Rf1 c4 23. Bc2 d3 24. Bd1 b5 25. a3 a5 26. Rf2 b4 27. axb4 axb4 28. cxb4 Re8 29. Ba4 Rd8 30. Rd2 Qb6 31. b5 Re8 32. Kf2 Rxe3 33. Qxe3 Bd4 34. Qxd4+ Qxd4+ 35. Kf3 c3 36. bxc3 Qxa4 37. Rxd3 Qxb5 38. Rd2 Qc6+ 39. Kf2 Qxc3 40. Re2 Qh3 41. Ke1 Kg7 42. Rf2 Kf6 43. Ke2 Kf5 44. Ke1 Ke4 45. Ke2 Qd3+ 46. Ke1 Ke3 0-1

[Event "Kesan op 11th"]
[Site "Edirne"]
[Date "2013.08.28"]
[Round "3"]
[White "Cingoz, Ozan"]
[Black "Ersoz, Celalettin"]
[Result "1-0"]
[WhiteElo "1903"]
[BlackElo "1619"]
[PlyCount "73"]
[EventDate "2013.08.26"]
[EventType "swiss"]
[EventRounds "9"]
[EventCountry "TUR"]
[SourceTitle "CBM 156 Extra"]
[Source "ChessBase"]
[SourceDate "2013.10.22"]
[SourceVersion "1"]
[SourceVersionDate "2013.10.22"]
[SourceQuality "1"]

1. d4 Nf6 2. Nf3 g6 3. Nc3 Bg7 4. e4 d6 5. Bg5 0-0 6. Qe2 a6 7. 0-0-0 Nfd7 8. h4 b5 9. h5 c5 10. hxg6 fxg6 11. Bh6 cxd4 12. Bxg7 Rxf3 13. Qxf3 Ne5 14. Bxe5 dxe5 15. Qg3 Nc6 16. Qh4 h5 17. Qg5 Kf7 18. Be2 Qa5 19. Nb1 Nb4 20. Rd2 Nxa2+ 21. Kd1 Qb4 22. b3 Nc3+ 23. Nxc3 Qxc3 24. Rd3 Qa1+ 25. Qc1 Qxc1+ 26. Kxc1 Be6 27. g4 hxg4 28. Rh7+ Kf6 29. Rg3 Rc8 30. Kb2 b4 31. Bxg4 Bxg4 32. Rxg4 Rc3 33. Rh6 Rf3 34. Rhxg6+ Kf7 35. Rg2 Rxf2 36. Rxf2+ Kxg6 37. Rf5 1-0

[Event "Kesan op 11th"]
[Site "Edirne"]
[Date "2013.08.26"]
[Round "1"]
[White "Cingoz, Ozan"]
[Black "Rasulov, Vugar Ural Oglu"]
[Result "0-1"]
[WhiteElo "1903"]
[BlackElo "2483"]
[PlyCount "60"]
[EventDate "2013.08.26"]
[EventType "swiss"]
[EventRounds "9"]
[EventCountry "TUR"]
[SourceTitle "CBM 156 Extra"]
[Source "ChessBase"]
[SourceDate "2013.10.22"]
[SourceVersion "1"]
[SourceVersionDate "2013.10.22"]
[SourceQuality "1"]

1. d4 Nf6 2. Nf3 c5 3. c3 g6 4. Bg5 Bg7 5. e3 0-0 6. Nbd2 b6 7. Bd3 Bb7 8. Qe2 d6 9. 0-0 h6 10. Bh4 Nbd7 11. e4 e5 12. dxe5 dxe5 13. Ba6 Qc8 14. Bxb7 Qxb7 15. Bxf6 Nxf6 16. Nxe5 Nh5 17. Nec4 Rad8 18. g3 Rfe8 19. f4 b5 20. Ne3 c4 21. Nc2 Bf8 22. Rfe1 Bc5+ 23. Kg2 f5 24. Kh3 Rd3 25. Rf1 Qd7 26. Rad1 fxe4+ 27. Kg2 Nf6 28. Rfe1 Qb7 29. Nf1 e3+ 30. Kg1 Rd2 0-1

[Event "TUR-chT"]
[Site "Denizli"]
[Date "2013.07.08"]
[Round "11.9"]
[White "Sari, Yasin"]
[Black "Cingoz, Ozan"]
[Result "0-1"]
[WhiteElo "1967"]
[BlackElo "1876"]
[PlyCount "94"]
[EventDate "2013.06.29"]
[EventType "team-tourn"]
[EventRounds "13"]
[EventCountry "TUR"]
[SourceTitle "CBM 155 Extra"]
[Source "ChessBase"]
[SourceDate "2013.08.26"]
[SourceVersion "1"]
[SourceVersionDate "2013.08.26"]
[SourceQuality "1"]
[WhiteTeam "Calli Spor"]
[BlackTeam "Aliaga Genclik"]
[WhiteTeamCountry "TUR"]
[BlackTeamCountry "TUR"]

1. e4 c5 2. c3 d5 3. exd5 Qxd5 4. d4 Nf6 5. Nf3 Nc6 6. dxc5 Qxd1+ 7. Kxd1 Bg4 8. b4 a5 9. b5 Ne5 10. Be2 0-0-0+ 11. Kc2 Nxf3 12. gxf3 Bf5+ 13. Kb3 e6 14. Be3 Nd7 15. c6 bxc6 16. bxc6 Nc5+ 17. Kb2 Kc7 18. Kc1 Kxc6 19. Rd1 Be7 20. Bd4 f6 21. f4 Bd6 22. Be3 e5 23. fxe5 Bxe5 24. Bf3+ Be4 25. Bxe4+ Nxe4 26. Rxd8 Rxd8 27. Kc2 Bxh2 28. Nd2 Nxd2 29. Bxd2 Bd6 30. Rh1 Rh8 31. Rh5 Bc5 32. f4 g6 33. Rh6 Bf8 34. Rh4 h5 35. Kd3 Be7 36. Ke2 Kd5 37. Kf3 Ke6 38. Rh1 Rd8 39. Re1+ Kf5 40. Bc1 Bc5 41. c4 Rd3+ 42. Ke2 Rd4 43. Bd2 Rxc4 44. Bxa5 Bb4 45. Bxb4 Rxb4 46. Ra1 Ra4 47. Ke3 Ra3+ 0-1

[Event "TUR-chT"]
[Site "Denizli"]
[Date "2013.07.07"]
[Round "10.9"]
[White "Cingoz, Ozan"]
[Black "Percin, Onder"]
[Result "1/2-1/2"]
[WhiteElo "1876"]
[BlackElo "1772"]
[PlyCount "79"]
[EventDate "2013.06.29"]
[EventType "team-tourn"]
[EventRounds "13"]
[EventCountry "TUR"]
[SourceTitle "CBM 155 Extra"]
[Source "ChessBase"]
[SourceDate "2013.08.26"]
[SourceVersion "1"]
[SourceVersionDate "2013.08.26"]
[SourceQuality "1"]
[WhiteTeam "Aliaga Genclik"]
[BlackTeam "Ceyhan Belediye"]
[WhiteTeamCountry "TUR"]
[BlackTeamCountry "TUR"]

1. d4 Nf6 2. Nf3 g6 3. Nc3 c5 4. e4 d6 5. Be3 cxd4 6. Nxd4 Bg7 7. f3 0-0 8. Qd2 Nc6 9. Bc4 Bd7 10. 0-0-0 a6 11. h4 Ne5 12. Bb3 h5 13. Bh6 b5 14. g4 Rc8 15. gxh5 Nxh5 16. Bxg7 Kxg7 17. Rdg1 e6 18. f4 Nc4 19. Bxc4 Rxc4 20. f5 Qf6 21. Nxe6+ Bxe6 22. fxe6 Qxe6 23. a3 Rfc8 24. Rd1 R8c6 25. Rhe1 Nf6 26. Qd3 Ng4 27. Qg3 Ne5 28. h5 Rxc3 29. bxc3 Qa2 30. Rd4 Nc4 31. Rxc4 Rxc4 32. hxg6 Qxa3+ 33. Kd2 Rd4+ 34. Ke2 Rxe4+ 35. Kd2 Rxe1 36. Qxe1 Kxg6 37. Qg3+ Kf6 38. Qh4+ Ke6 39. Qe4+ Kd7 40. Qb7+ 1/2-1/2

[Event "TUR-chT"]
[Site "Denizli"]
[Date "2013.07.03"]
[Round "5.9"]
[White "Yaran, Siar"]
[Black "Cingoz, Ozan"]
[Result "1-0"]
[WhiteElo "1973"]
[BlackElo "1876"]
[PlyCount "69"]
[EventDate "2013.06.29"]
[EventType "team-tourn"]
[EventRounds "13"]
[EventCountry "TUR"]
[SourceTitle "CBM 155 Extra"]
[Source "ChessBase"]
[SourceDate "2013.08.26"]
[SourceVersion "1"]
[SourceVersionDate "2013.08.26"]
[SourceQuality "1"]
[WhiteTeam "Kahramanmaras Belediye"]
[BlackTeam "Aliaga Genclik"]
[WhiteTeamCountry "TUR"]
[BlackTeamCountry "TUR"]

1. c4 e6 2. Nf3 d5 3. d4 Nf6 4. Nc3 c6 5. cxd5 exd5 6. Qc2 Be7 7. Bg5 0-0 8. e3 Nbd7 9. Bd3 Re8 10. h3 Nf8 11. g4 c5 12. 0-0-0 c4 13. Bf1 b5 14. Nxb5 Qa5 15. Nc3 Rb8 16. Ne5 Bd7 17. Bxf6 gxf6 18. Nxd7 Nxd7 19. Qa4 Qb6 20. Rd2 Bb4 21. Rc2 Bxc3 22. bxc3 Qb1+ 23. Kd2 Nb6 24. Qa6 Nc8 25. Bg2 Qb5 26. Qxf6 Nb6 27. h4 Re6 28. Qf4 Rb7 29. h5 Qa5 30. Qg5+ Kf8 31. Qd8+ Re8 32. Qd6+ Ree7 33. Qh6+ Ke8 34. Qxh7 Red7 35. Qh8+ 1-0

[Event "TUR-chT"]
[Site "Denizli"]
[Date "2013.07.02"]
[Round "4.9"]
[White "Cingoz, Ozan"]
[Black "Unal, Onur"]
[Result "1-0"]
[WhiteElo "1876"]
[BlackElo "1791"]
[PlyCount "99"]
[EventDate "2013.06.29"]
[EventType "team-tourn"]
[EventRounds "13"]
[EventCountry "TUR"]
[SourceTitle "CBM 155 Extra"]
[Source "ChessBase"]
[SourceDate "2013.08.26"]
[SourceVersion "1"]
[SourceVersionDate "2013.08.26"]
[SourceQuality "1"]
[WhiteTeam "Aliaga Genclik"]
[BlackTeam "Pera Spor"]
[WhiteTeamCountry "TUR"]
[BlackTeamCountry "TUR"]

1. d4 d5 2. Bf4 Nf6 3. e3 c5 4. c3 Qb6 5. Qb3 c4 6. Qc2 Nc6 7. Nd2 g6 8. e4 dxe4 9. Nxc4 Qd8 10. Ne5 Bg7 11. Bb5 Qb6 12. Qa4 0-0 13. Nc4 Qd8 14. Bxc6 bxc6 15. Qxc6 Be6 16. Ne3 Qa5 17. Bc7 Qh5 18. Ne2 Rfc8 19. Nf4 Bd7 20. Qxa8 Rxa8 21. Nxh5 Nxh5 22. Nd5 Kf8 23. Nf4 Rc8 24. Nxh5 Rxc7 25. Nxg7 Kxg7 26. Kd2 f5 27. b3 Kf6 28. c4 g5 29. f3 exf3 30. gxf3 h5 31. Rae1 e6 32. h3 Bc6 33. Rhf1 Rd7 34. Kc3 Rd6 35. b4 a6 36. Re5 Kf7 37. Ra5 Bb7 38. a4 Kf6 39. b5 axb5 40. axb5 e5 41. d5 f4 42. Ra7 Bc8 43. Rh1 Kf5 44. Rf7+ Kg6 45. Rc7 Bf5 46. Rc6 Rxc6 47. dxc6 g4 48. hxg4 hxg4 49. fxg4 Bxg4 50. Rg1 1-0

[Event "TUR-chT"]
[Site "Denizli"]
[Date "2013.06.30"]
[Round "2.9"]
[White "Cingoz, Ozan"]
[Black "Yaver, Faik Emre"]
[Result "1-0"]
[WhiteElo "1876"]
[BlackElo "1911"]
[PlyCount "89"]
[EventDate "2013.06.29"]
[EventType "team-tourn"]
[EventRounds "13"]
[EventCountry "TUR"]
[SourceTitle "CBM 155 Extra"]
[Source "ChessBase"]
[SourceDate "2013.08.26"]
[SourceVersion "1"]
[SourceVersionDate "2013.08.26"]
[SourceQuality "1"]
[WhiteTeam "Aliaga Genclik"]
[BlackTeam "Ankara Demirspor"]
[WhiteTeamCountry "TUR"]
[BlackTeamCountry "TUR"]

1. d4 d5 2. Nf3 Nf6 3. Bf4 c5 4. e3 Nc6 5. c3 Qb6 6. Qb3 c4 7. Qc2 Bf5 8. Qc1 e6 9. h3 h6 10. Be2 Be7 11. 0-0 0-0 12. Nbd2 Rfc8 13. Bd1 Qd8 14. Bc2 b5 15. a3 a5 16. Re1 Bd6 17. Bxd6 Qxd6 18. e4 dxe4 19. Nxe4 Nxe4 20. Bxe4 Bxe4 21. Rxe4 Qd5 22. Rg4 Kh8 23. Qf4 Rf8 24. Re1 Ra7 25. Ne5 Nxe5 26. Rxe5 Qd8 27. Rxb5 f5 28. Rg3 Qf6 29. Re3 Ra6 30. Qe5 Qg6 31. Rg3 Qh7 32. Rb7 Rg8 33. f4 a4 34. h4 Raa8 35. h5 Rae8 36. Rg6 Rc8 37. Rxe6 Ra8 38. Ree7 Rac8 39. d5 Ra8 40. d6 Rad8 41. Rf7 Ra8 42. Rbe7 Rab8 43. d7 Ra8 44. Re8 Rd8 45. Rfe7 1-0